000 01441nam a22003135i 4500
003 EG-ScBUE
005 20260513085855.0
008 110614s1981 ua a frb 001 0 ara d
017 _a81 / 4401
020 _a9772664828
040 _aEG-ScBUE
_bara
_erda
_cEG-ScBUE
_dEG-ScBUE
082 0 4 _a572
_bغ ل ا
_222
100 1 _aغلاب، محمد السيد.
_eمؤلف.
245 1 0 _aتطور الجنس البشري :
_bتطور الأحياء وظهور الإنسان. تطور العائلة البشرية. تصنيف السلالات البشرية. تطور السلالات البشرية وانتشارها في العالم /
_cالدكتور محمد السيد غلاب، أستاذ الجغرافيا والأنثروبولوجيا، جامعة القاهرة.
250 _aالطبعة السادسة.
264 1 _aالقاهرة :
_bمكتبة الأنجلو المصرية،
_c1981.
300 _a413 صفحة :
_bإيضاحيات ؛
_c24 سم
336 _2rdacontent
_aنص
_btxt
337 _aبدون وسيط
_2rdamedia
_bn
338 _aمجلد
_bnc
_2rdacarrier
500 _aيشتمل على كشاف.
504 _aيشتمل على إرجاعات ببليوجرافية.
650 7 _aأصل الإنسان.
_2BUEsh
650 7 _aالأجناس
_xتاريخ.
_2BUEsh
650 7 _aالسلالات البشرية.
_2BUEsh
_921514
653 _bGGEN
_cFebruary2018
655 _vReading book
942 _2ddc
999 _c15595
_d15595